[Event "ch-SUI Women"]
[Site "Scuol SUI"]
[Date "2001.07.17"]
[Round "6"]
[White "Roschina,T"]
[Black "Jahn,C"]
[Result "1-0"]
[WhiteElo "2322"]
[BlackElo "2254"]

1.e4 c5 2.Nf3 e6 3.d4 cxd4 4.Nxd4 a6 5.Bd3 Nc6 6.Be3 Nf6 7.Nc3 Qc7 8.O-O Bd6
9.Nxc6 dxc6 10.f4 e5 11.f5 Qe7 12.Bg5 Bc5+ 13.Kh1 Qc7 14.Bxf6 gxf6 15.Qh5 h6
16.a4 a5 17.Bc4 b6 18.Rad1 Ba6 19.Bxa6 Rxa6 20.Rf3 Ra7 21.Rfd3 Qc8 22.Ne2 Ke7
23.Nc1 Ke8 24.Qg4 h5 25.Qg7 Ke7 26.Nb3 Qg8 27.Qxg8 Rxg8 28.Nxc5 bxc5 29.Rc3 Rg4
30.Rc4 Rb7 31.h3 Rf4 32.g3 Rf2 33.Kg1 Re2 34.b3 Rb4 35.Rxc5 Rbxe4 36.Rxc6 R4e3
37.Kf1 Rh2 38.Rc7+ Ke8 39.Rc8+ Ke7 40.Rcd8 Rh1+ 41.Kf2 Rxd1 42.Rxd1 Rc3 43.Rd2 h4
44.gxh4 Rxh3 45.Rd5 Rxh4 46.Rxa5 Rh2+ 47.Ke3 Rxc2 48.Ra7+ Kf8 49.b4 Rc3+
50.Kd2 Rb3 51.b5 e4 52.Ke2 Kg7 53.Ra6 Kh6 54.Rxf6+ Kg5 55.Rxf7 Kf4 56.f6 Rb2+
57.Kd1 Ke3 58.Rd7 Ra2 59.f7 Rxa4 60.f8=Q Rd4+ 61.Rxd4  1-0

[Event "EuChJun Girls"]
[Site "Patras GRE"]
[Date "2001.07.18"]
[Round "3"]
[White "Mietzner,T"]
[Black "Shtereva,S"]
[Result "1-0"]
[WhiteElo "2093"]
[BlackElo "2100"]

1.e4 c5 2.Nf3 e6 3.d4 cxd4 4.Nxd4 a6 5.Bd3 Qb6 6.Nb3 Qc7 7.Be3 Nf6 8.f4 d6
9.c4 b6 10.O-O Bb7 11.Nc3 Nbd7 12.Rc1 Be7 13.Qe2 O-O 14.g4 Nc5 15.Nxc5 bxc5
16.g5 Nd7 17.Qh5 g6 18.Qh6 Rfe8 19.Rf3 Bf8 20.Qh4 Rad8 21.Rh3 h6 22.gxh6 Kh7
23.Kf2 Be7 24.Qg3 Bf6 25.Ne2 d5 26.e5 dxc4 27.Bb1 Bh8 28.Rg1 Nxe5 29.fxe5 Bxe5
30.Qg4 Rg8 31.Qxc4 Bxh2 32.Rc1 Bd6 33.Be4 Bd5 34.Bxd5 exd5 35.Qg4 Qe7 36.Bg5 f6
37.Bd2 Rde8 38.Re3 Be5 39.Qf3 Rd8 40.Rb3 c4 41.Rb4 Rge8 42.a3 Bd6 43.Ra4 Bc5+
44.Kf1 Rd6 45.Nf4 Qd7 46.Ra5 Bd4 47.Bb4 Be3 48.Rd1 Bxf4 49.Bxd6 Bxd6 50.Raxd5 Qc6
51.Kg2 Bf8 52.Rd7+  1-0

[Event "3rd Open"]
[Site "Patras GRE"]
[Date "2001.07.19"]
[Round "2"]
[White "Yasin,H"]
[Black "Istratescu,A"]
[Result "0-1"]
[WhiteElo "2218"]
[BlackElo "2598"]

1.e4 c5 2.Nf3 e6 3.d4 cxd4 4.Nxd4 a6 5.Bd3 Nf6 6.O-O Qc7 7.c4 Nc6 8.Nxc6 dxc6
9.f4 e5 10.f5 Bc5+ 11.Kh1 h5 12.Qe2 Ng4 13.Nd2 Qd8 14.Bc2 Nxh2 15.Nf3 Nxf1
16.Qxf1 Bd7 17.Bg5 Qc7 18.Rd1 f6 19.Bd2 a5 20.Qe1 h4 21.Nxh4 Qb6 22.Qg3 Bf2
23.Qg6+ Kf8 24.g3 Be8 25.Qg4 Bh5 26.Qh3 Bf3+ 27.Kh2 Bxd1 28.Bxd1 Re8 29.Qg4 Bg1+
30.Kh1 Qf2  0-1

[Event "EuChJun Girls"]
[Site "Patras GRE"]
[Date "2001.07.19"]
[Round "4"]
[White "Kieran,R"]
[Black "Machalova,V"]
[Result "1-0"]
[WhiteElo "2083"]
[BlackElo "2117"]

1.e4 c5 2.Nf3 e6 3.d4 cxd4 4.Nxd4 a6 5.Bd3 Nf6 6.O-O Qc7 7.Qe2 d6 8.c4 Be7
9.Nc3 O-O 10.Kh1 Nbd7 11.f4 b6 12.b3 Bb7 13.Bb2 Rfd8 14.Rae1 Bf8 15.Rf3 g6
16.Rh3 Bg7 17.Qf2 Rac8 18.Nf3 Nf8 19.Qg3 Bc6 20.e5 dxe5 21.Nxe5 Bb7 22.Qg5 Qc5
23.Rf1 N6d7 24.Na4 Qc7 25.Nxf7 Kxf7 26.Rxh7 e5 27.fxe5+ Kg8 28.Rxg7+ Kxg7
29.e6+ Kg8 30.Bxg6  1-0

[Event "Asian U20"]
[Site "Tehran IRI"]
[Date "2001.07.19"]
[Round "10"]
[White "Mahesh Chandran,P"]
[Black "Moradiabadi,E"]
[Result "1/2-1/2"]
[WhiteElo "2339"]
[BlackElo "2404"]

1.e4 c5 2.Nf3 e6 3.d4 cxd4 4.Nxd4 a6 5.Bd3 Nf6 6.O-O d6 7.c4 g6 8.Nc3 Bg7
9.Qe2 O-O 10.Rd1 Qc7 11.Nf3 Nbd7 12.Bf4 Ng4 13.Rac1 Nge5 14.b3 b6 15.Bb1 Nxf3+
16.Qxf3 Ne5 17.Qe2 Bb7 18.Be3 Rfd8 19.f4 Nd7 20.Qf2 Rac8 21.Ne2 Re8 22.b4 Rb8
23.Nc3 Bf8 24.a3 Ba8 25.Bd4 Bh6 26.Ne2 e5 27.Bb2 Nf6 28.Qh4 Nh5 29.Rf1 exf4
30.Nxf4 Bxf4 31.Rxf4 Nxf4 32.Qxf4 Re5 33.h3 Rbe8 34.Bxe5 Rxe5 35.Qf6 Bxe4
36.Bxe4 Rxe4 37.Rd1 Re6 38.Qd4 Qc6 39.Qd5 Qxd5 40.cxd5 Re5 41.Rc1 Rxd5 42.Rc6 Rb5
43.Rxd6 a5 44.bxa5 bxa5 45.Ra6 Kg7 46.Kf2 h5 47.a4 Re5 48.Kf3 g5 49.g3 f6
50.Rb6 Kf7 51.Rb7+ Ke6 52.Rb6+ Ke7 53.Rb7+ Ke6 54.Rb6+ Kf7 55.Rb7+ Kg6 56.Rb5 Rf5+
57.Ke4 Rf2 58.Rxa5 Rh2 59.h4 gxh4 60.gxh4 Rxh4+ 61.Kf3 Rb4 62.Kg3 Rc4 63.Kh3 f5
64.Ra8 Kg5 65.a5 Rc3+ 66.Kg2 Ra3 67.a6 Kg4 68.a7 Ra2+ 69.Kg1 Kf4 70.Kh1 h4
71.Kg1 h3 72.Rh8 Ra1+ 73.Kf2 Ra2+ 74.Kf1 Rxa7 75.Rxh3 Kg4 76.Rb3 f4 77.Kf2 Ra2+
78.Kf1 Rh2 79.Ra3 Rb2 80.Rc3 f3 81.Rc8  1/2-1/2

[Event "Dutch Open"]
[Site "Dieren NED"]
[Date "2001.07.20"]
[Round "4"]
[White "Vedder,R"]
[Black "Algera,S"]
[Result "1-0"]
[WhiteElo "2220"]
[BlackElo "2067"]

1.e4 c5 2.Nf3 e6 3.d4 cxd4 4.Nxd4 a6 5.Bd3 Bc5 6.Nb3 Ba7 7.O-O Nc6 8.Qe2 d6
9.Be3 Bxe3 10.Qxe3 Nf6 11.a4 Nb4 12.a5 O-O 13.Nc3 Bd7 14.Rad1 Qc7 15.f4 Bc6
16.Rd2 Nxd3 17.cxd3 Rab8 18.Rc1 Rfc8 19.Rdc2 Qd8 20.d4 b6 21.e5 dxe5 22.dxe5 Ng4
23.Qg3 bxa5 24.Qxg4 Qb6+ 25.Kh1 Qxb3 26.Ne4 Bb7 27.Rxc8+ Rxc8 28.Rxc8+ Bxc8
29.Nf6+ Kh8 30.Ne8 g6 31.h4 Qxb2 32.Nd6 Qc1+ 33.Kh2 Kg7 34.Qg5 h5 35.Qf6+ Kg8
36.Qxf7+ Kh8 37.Qf6+ Kh7 38.Ne8  1-0

[Event "Heart of Finland Open"]
[Site "Jyvaskyla FIN"]
[Date "2001.07.20"]
[Round "6"]
[White "Agopov,M"]
[Black "Nyysti,S"]
[Result "1-0"]
[WhiteElo "2381"]
[BlackElo "2224"]

1.e4 c5 2.Nf3 e6 3.d4 cxd4 4.Nxd4 a6 5.Bd3 Bc5 6.Nb3 Ba7 7.Qe2 Nc6 8.Be3 Nge7
9.Nc3 O-O 10.O-O-O b5 11.Bxa7 Rxa7 12.e5 Ng6 13.Bxg6 fxg6 14.g3 Rc7 15.h4 Na5
16.Nd4 Rxc3 17.Nxe6 Qe7 18.Nxf8 Rc5 19.Nxd7 Bxd7 20.Qd2 Bf5 21.Qxa5 Bxc2
22.Qd8+ Kf7 23.e6+ Kxe6 24.Qxe7+ Kxe7 25.Rhe1+ Be4+ 26.Kd2 Rc2+ 27.Ke3 Bf5
28.Rd2 Rc6 29.Kd4+ Kd6 30.Re8 Bb1 31.Ke3+ Kc5 32.a3 Rc7 33.Rd1  1-0

[Event "Dutch Open"]
[Site "Dieren NED"]
[Date "2001.07.21"]
[Round "5"]
[White "Smeets,J"]
[Black "Bosch,Je"]
[Result "1/2-1/2"]
[WhiteElo "2311"]
[BlackElo "2475"]

1.e4 c5 2.Nf3 e6 3.d4 cxd4 4.Nxd4 a6 5.Bd3 Ne7 6.f4 Nec6 7.Nf3 Bc5 8.Qe2 d6
9.e5 Nd7 10.Nc3 dxe5 11.fxe5 Nd4 12.Qe4 Qb6 13.Rf1 Nxf3+ 14.gxf3 Bd4 15.f4 f5
16.exf6 Nxf6 17.Qg2 O-O 18.Ne4 Nxe4 19.Qxe4 g6 20.c3 Bf6 21.Qe2 Bh4+ 22.Kd1 e5
23.Be3 Qd6 24.fxe5 Rxf1+ 25.Qxf1 Qxe5 26.Qf4 Qxf4 27.Bxf4 Be6  1/2-1/2

[Event "MTO"]
[Site "Biel SUI"]
[Date "2001.07.23"]
[Round "1"]
[White "Kobalija,M"]
[Black "Meyer,B"]
[Result "1-0"]
[WhiteElo "2595"]
[BlackElo "2238"]

1.e4 c5 2.Nf3 e6 3.d4 cxd4 4.Nxd4 a6 5.Bd3 Nf6 6.O-O d6 7.c4 Be7 8.Nc3 Bd7
9.Be3 Nc6 10.f4 O-O 11.Kh1 Re8 12.Nf3 Qa5 13.a3 Qc7 14.b4 b6 15.Rc1 Qb8 16.Qe2 Bd8
17.Bd2 Bc7 18.Rce1 h6 19.e5 Nh7 20.exd6 Bxd6 21.Ne5 Nf8 22.Nxd7 Nxd7 23.Qe4 Ne7
24.Qh7+ Kf8 25.f5 Nf6 26.Qh8+ Neg8 27.fxe6 Rxe6 28.Rxe6 fxe6 29.Bxh6  1-0

[Event "XXI Open"]
[Site "Cullera ESP"]
[Date "2001.07.23"]
[Round "5"]
[White "Herrera,I"]
[Black "Kovacevic,Sl"]
[Result "1-0"]
[WhiteElo "2444"]
[BlackElo "2378"]

1.e4 c5 2.Nf3 e6 3.d4 cxd4 4.Nxd4 a6 5.Bd3 Nf6 6.O-O d6 7.c4 Bd7 8.Nc3 Nc6
9.Nxc6 Bxc6 10.Qe2 Be7 11.Bf4 Qa5 12.a3 O-O 13.Rfd1 Qh5 14.Qxh5 Nxh5 15.Be3 Rfc8
16.Rac1 h6 17.Be2 Nf6 18.f3 Kh8 19.b4 Be8 20.g4 Rd8 21.Kg2 Rdc8 22.Bf4 Rd8
23.Be3 Rdc8 24.h4 Nh7 25.Rh1 b5 26.cxb5 axb5 27.Nxb5 Rcb8 28.Na7 Rb7 29.b5 Rbxa7
30.Bxa7 Rxa7 31.Rc8 Rxa3 32.Rb1 Bf6 33.b6 Be5 34.b7  1-0

[Event "Czech Open"]
[Site "Pardubice CZE"]
[Date "2001.07.23"]
[Round "4"]
[White "Grafl,F"]
[Black "Meister,Y"]
[Result "1-0"]
[WhiteElo "2317"]
[BlackElo "2461"]

1.e4 c5 2.Nf3 e6 3.d4 cxd4 4.Nxd4 a6 5.Bd3 d6 6.O-O Nf6 7.c4 Be7 8.Nc3 b6
9.Qe2 Bb7 10.f4 Qc7 11.f5 e5 12.Nc2 Nbd7 13.Bg5 h6 14.Bxf6 Nxf6 15.Ne3 Bc6
16.Rac1 Qb7 17.Ned5 Nxd5 18.Nxd5 Bd8 19.Kh1 h5 20.b3 h4 21.Qg4 Kf8 22.Qe2 Be8
23.Qd2 Qc6 24.Be2 a5 25.Rcd1 Qc5 26.Nc3 Rh6 27.Nd5 Rh8 28.Nc3 Rh6 29.Nd5 Rh7
30.Nc3 Be7 31.Nd5 Bc6 32.f6 Bxf6 33.Nxf6 gxf6 34.Rxf6 Bxe4 35.Rxd6 Re8 36.Rd8 Qe7
37.Rxe8+ Qxe8 38.Qe3 Bb7 39.Bg4 Rg7 40.Bf3 e4 41.Qf4 Qe6 42.Qb8+ Qc8 43.Qe5  1-0

[Event "EuChJun Girls"]
[Site "Patras GRE"]
[Date "2001.07.23"]
[Round "7"]
[White "Machalova,V"]
[Black "Shtereva,S"]
[Result "0-1"]
[WhiteElo "2117"]
[BlackElo "2100"]

1.e4 c5 2.Nf3 e6 3.d4 cxd4 4.Nxd4 a6 5.Bd3 Qb6 6.Nb3 Qc7 7.O-O Nf6 8.Nc3 b5
9.Be3 Bb7 10.f3 d5 11.exd5 Nxd5 12.Nxd5 Bxd5 13.Kh1 Bd6 14.Bg1 Nd7 15.c3 Ne5
16.Be2 h5 17.Nd4 h4 18.Nf5 Bf8 19.Ne3 Bb7 20.h3 Rd8 21.Qe1 Bd6 22.Bh2 Ng6
23.Bxd6 Rxd6 24.Rd1 Nf4 25.Rxd6 Qxd6 26.Qd1 Qxd1 27.Bxd1 Rh5 28.Kg1 Re5 29.Kf2 Nd3+
30.Ke2 Nxb2 31.Bb3 Bd5 32.f4 Re4 33.Rb1 Na4 34.Kf3 Bb7 35.c4 Rxc4+ 36.Kg4 Re4
37.Bxa4 Rxa4 38.Rb2 Re4 39.Nd1 e5 40.Kxh4 Rxf4+ 41.g4 f6 42.Ne3 g6 43.Rd2 Be4
44.Rd6 Rf3  0-1

[Event "Dutch Open"]
[Site "Dieren NED"]
[Date "2001.07.25"]
[Round "8"]
[White "Brodsky,M"]
[Black "Meijers,V"]
[Result "1/2-1/2"]
[WhiteElo "2528"]
[BlackElo "2449"]

1.e4 c5 2.Nf3 e6 3.d4 cxd4 4.Nxd4 a6 5.Bd3 Qc7 6.O-O Nc6 7.Nxc6 bxc6 8.c4 Bb7
9.Nc3 Nf6 10.Qe2 d6 11.b3 Be7 12.Bb2 O-O 13.f4 Nd7 14.Na4 Rfe8 15.e5 g6 16.Rac1 c5
17.Be4 Bxe4 18.Qxe4 Rad8 19.Rcd1 Nb8 20.exd6 Bxd6 21.Be5 Nc6 22.Bxd6 Rxd6
23.Nxc5 Rxd1 24.Rxd1 Qb6 25.Qe3 Nb4 26.a3 Nc2 27.Qf2 Rc8 28.Qxc2  1/2-1/2

[Event "Keres Mem Open"]
[Site "Tallinn EST"]
[Date "2001.07.25"]
[Round "1"]
[White "Keskel,M"]
[Black "Rytshagov,M"]
[Result "0-1"]
[WhiteElo "2067"]
[BlackElo "2501"]

1.e4 c5 2.Nf3 e6 3.d4 cxd4 4.Nxd4 a6 5.Bd3 Nf6 6.c4 Nc6 7.Be3 Ne5 8.h3 Qc7
9.Qe2 Bc5 10.Nd2 O-O 11.O-O d6 12.Rac1 Nxd3 13.Qxd3 e5 14.Ne2 Bxe3 15.Qxe3 Be6
16.Kh1 Rac8 17.f4 exf4 18.Nxf4 Rfe8 19.b4 h6 20.Qd4 Qe7 21.Rfe1 b5 22.cxb5 axb5
23.a3 Qd7 24.Nf3 Rc6 25.Qd2 Rxc1 26.Qxc1 Qb7 27.e5 dxe5 28.Nxe5 Bf5 29.Qc5 Be4
30.Re2 g5 31.Qd6 Qe7 32.Qxe7 Rxe7 33.Nc6 Rc7 34.Nd4 gxf4 35.Nxb5 Rc1+ 36.Kh2 Bd3
37.Re5 Ne4  0-1

[Event "3rd Open"]
[Site "Patras GRE"]
[Date "2001.07.26"]
[Round "9"]
[White "Markidis,K"]
[Black "Mastrovasilis,A"]
[Result "0-1"]
[WhiteElo "2342"]
[BlackElo "2441"]

1.e4 c5 2.Nf3 e6 3.d4 cxd4 4.Nxd4 a6 5.Bd3 Qc7 6.O-O Nf6 7.Qe2 d6 8.f4 Nbd7
9.c3 b5 10.Kh1 Bb7 11.Nd2 Be7 12.Re1 g6 13.e5 Nd5 14.N2f3 O-O 15.Bd2 Rfe8
16.Qf2 Bf8 17.Qg3 Bg7 18.Re2 Nc5 19.Bc2 Na4 20.Rb1 Ndb6 21.h4 Bd5 22.Bb3 Nc4
23.Be1 Nc5 24.Bc2 dxe5 25.fxe5 Nd7 26.h5 Rac8 27.Qh3 Ncxe5 28.Bg3 Bxf3 29.gxf3 Qc4
30.hxg6 Nxg6 31.Bb3 Qc5 32.Rbe1 Ndf8 33.Nf5 Qc6 34.Nxg7 Kxg7 35.Kg2 Rcd8
36.Qg4 Qc5 37.Bf2 Qe7 38.Bd4+ Kg8 39.Re4 Qc7 40.Bf6 Rd2+ 41.R1e2 Rxe2+ 42.Rxe2 Qf4
43.Bg5 Qxg4+ 44.fxg4 Nd7 45.Kg3 Rc8 46.Bh6 Nc5 47.Bc2 Rd8 48.Rd2 Rxd2 49.Bxd2 Ne5
50.Be3 Ncd3 51.Bd4 f6 52.b3 Kg7 53.g5 h5 54.gxf6+ Kf7 55.Bd1 Ng6 56.Bxh5 e5
57.Be3 Kxf6 58.Bf3 Ngf4 59.Be4 Ke6 60.Bb6 Nc1 61.c4 bxc4 62.bxc4 Nxa2 63.Kf3 Nc3
64.Bb7 Na4 65.Ba7 a5 66.Ke3 Nb2 67.c5 Nc4+ 68.Ke4 Nd2+ 69.Ke3 Nc4+ 70.Ke4 a4
71.Ba6 Nb2 72.Bb8 a3 73.Bc8+ Ke7 74.Bxe5 Nfd3 75.Bd6+ Kf6 76.c6 a2 77.Bg4 a1=Q
78.c7 Nc4 79.Bg3 Nde5 80.Bh4+ Kg6 81.Be6 Qa8+ 82.Kd4 Qa7+  0-1

[Event "Czech Open"]
[Site "Pardubice CZE"]
[Date "2001.07.27"]
[Round "8"]
[White "Dochev,D"]
[Black "Votava,J"]
[Result "1/2-1/2"]
[WhiteElo "2382"]
[BlackElo "2509"]

1.e4 c5 2.Nf3 e6 3.d4 cxd4 4.Nxd4 a6 5.Bd3 Nf6 6.O-O d6 7.c4 Be7 8.Nc3 O-O
9.b3 b6 10.Bb2 Bb7 11.Qe2 Nbd7 12.f4 Re8 13.Kh1 g6 14.e5 dxe5 15.fxe5 Nh5
16.Be4 Bxe4 17.Nxe4 Nxe5 18.g4 Ng7 19.Nxe6 Nxe6 20.Bxe5 Ng5 21.Qf2 Rf8 22.Nf6+ Bxf6
23.Bxf6 Ne4 24.Bxd8 Nxf2+ 25.Rxf2 Rfxd8 26.Re1 Ra7 27.Ree2 Rd4 28.h3 Rad7
29.Kg2 Kg7 30.Re3 a5 31.Ref3 h6 32.Rf6 R4d6 33.R6f3 Re6 34.Rc3 Re5 35.Rcf3 h5
36.Kg3 b5 37.cxb5 Rxb5 38.Rc2 Kh6 39.Rcf2 Kg7 40.Rc3 Kh6 41.Rcf3  1/2-1/2

[Event "ch-Paris Open"]
[Site "Paris FRA"]
[Date "2001.07.27"]
[Round "7"]
[White "Handke,F"]
[Black "Bogdanov,E"]
[Result "1-0"]
[WhiteElo "2384"]
[BlackElo "2260"]

1.e4 c5 2.Nf3 e6 3.d4 cxd4 4.Nxd4 a6 5.Bd3 Bc5 6.c3 Nc6 7.Be3 d6 8.Nd2 Nge7
9.O-O O-O 10.Qe2 Ba7 11.Rad1 e5 12.Nc2 b5 13.Bxa7 Rxa7 14.Ne3 Be6 15.Bc2 b4
16.Ndc4 bxc3 17.bxc3 Nc8 18.Qd3 Qc7 19.Nd5 Qd8 20.f4 exf4 21.e5 g6 22.exd6 Bf5
23.Qd2 Bxc2 24.Qxc2 Na5 25.Nxa5 Qxa5 26.d7 Nd6 27.Nf6+ Kh8 28.Rxd6  1-0

[Event "Keres Mem Open"]
[Site "Tallinn EST"]
[Date "2001.07.29"]
[Round "7"]
[White "Keskel,M"]
[Black "Nyysti,S"]
[Result "0-1"]
[WhiteElo "2067"]
[BlackElo "2224"]

1.e4 c5 2.Nf3 e6 3.d4 cxd4 4.Nxd4 a6 5.Bd3 Bc5 6.Nb3 Ba7 7.O-O Nc6 8.Qg4 Qf6
9.Nc3 h5 10.Qg5 b5 11.Kh1 Nge7 12.a4 b4 13.Ne2 h4 14.h3 Ne5 15.Qxf6 gxf6
16.Bd2 Rb8 17.f4 Nxd3 18.cxd3 f5 19.Ned4 Bb7 20.Rfe1 Rg8 21.Re2 Rg3 22.Nf3 fxe4
23.dxe4 f5 24.Na5 Bxe4 25.Ng5 Bd3 26.Ree1 Bd4 27.Rac1 Bxb2 28.Rc7 Nd5 29.Rc5 Nf6
30.Rc7 Ne4 31.Nxe4 Bxe4 32.Re2 Rxh3+ 33.Kg1 Bd4+  0-1

[Event "ch-IRI"]
[Site "Tehran IRI"]
[Date "2001.08.01"]
[Round "2"]
[White "Niknaddaf,A"]
[Black "Moradiabadi,E"]
[Result "0-1"]
[WhiteElo "2262"]
[BlackElo "2404"]

1.e4 c5 2.Nf3 e6 3.d4 cxd4 4.Nxd4 a6 5.Bd3 Nf6 6.O-O d6 7.Be3 Be7 8.c4 O-O
9.Nc3 b6 10.f4 Bb7 11.e5 dxe5 12.fxe5 Nfd7 13.Nxe6 fxe6 14.Qh5 Rxf1+ 15.Rxf1 Nf8
16.Rxf8+ Kxf8 17.Qxh7 Ke8 18.Na4 Kd7 19.Qxg7 Qf8 20.Qg4 Bc5 21.Bxc5 bxc5
22.Nb6+ Kc7 23.Nxa8+ Bxa8 24.Qxe6 Nc6 25.Be4 Qf4 26.Qd6+ Kb6 27.Bf3 Qxc4
28.e6 Qc1+ 29.Kf2 Qxb2+ 30.Kg3 Qg7+ 31.Kf2 Qc7 32.Qf8 Bb7 33.Qf7 Qxh2 34.Qf6 Qd6
35.g4 Ne5 36.Be2 Ka7  0-1

[Event "MTO"]
[Site "Biel SUI"]
[Date "2001.08.02"]
[Round "10"]
[White "Vuckovic,Bo"]
[Black "Kritz,L"]
[Result "1-0"]
[WhiteElo "2497"]
[BlackElo "2423"]

1.e4 c5 2.Nf3 e6 3.d4 cxd4 4.Nxd4 a6 5.Bd3 Qb6 6.Nb3 Qc7 7.f4 d6 8.Be3 Nf6
9.Qf3 Nbd7 10.g4 h6 11.h4 b6 12.g5 hxg5 13.hxg5 Rxh1+ 14.Qxh1 Ng8 15.Nc3 Ne7
16.Nd4 Nc5 17.O-O-O Nc6 18.Qh8 Nxd3+ 19.Rxd3 Bd7 20.Ndb5 axb5 21.Nxb5 Qb8
22.Nxd6+ Ke7 23.f5 exf5 24.exf5 Qxd6 25.f6+ gxf6 26.Rxd6 Kxd6 27.Bf4+ Kd5
28.Qxf6 Be6 29.g6 Be7 30.Qc3 Nd4 31.Qd3 Bf5 32.c4+ Kc5 33.b4+ Kxb4 34.Qxd4 fxg6
35.Qxb6+  1-0

[Event "Mipap Cup"]
[Site "Olomouc CZE"]
[Date "2001.08.03"]
[Round "2"]
[White "Tokmachev,M"]
[Black "Brustkern,J"]
[Result "1-0"]
[WhiteElo "2313"]
[BlackElo "2273"]

1.e4 c5 2.Nf3 e6 3.d4 cxd4 4.Nxd4 a6 5.Bd3 Qb6 6.Nb3 Qc7 7.O-O Nf6 8.c4 d6
9.Nc3 Be7 10.Be3 b6 11.f3 O-O 12.Qd2 Bb7 13.Rac1 Nbd7 14.Rfd1 Rac8 15.Bf1 Qb8
16.Qf2 Bd8 17.Nd4 Re8 18.b3 Bc7 19.g3 Ne5 20.Nde2 d5 21.cxd5 exd5 22.Bh3 dxe4
23.Bxc8 Nxf3+ 24.Kg2 Bxc8 25.Nf4 Ng4 26.Qe2 Nxe3+ 27.Qxe3 Nh4+ 28.Kg1 Nf5
29.Qe2 b5 30.Nfd5 Bb6+ 31.Nxb6 Qxb6+ 32.Kh1 Qh6 33.Nxe4 Bb7 34.Kg1 Kf8 35.Qd2 Bxe4
36.Qb4+ Kg8 37.Qxe4 Qb6+ 38.Kh1 Qe6 39.Qxe6 fxe6 40.Rc6 e5 41.Rxa6 e4 42.Ra5 e3
43.Rxb5 e2 44.Re1 Nd4 45.Rc5 Nf3 46.Rcc1 g5 47.Kg2 g4 48.Kf2 Nd4 49.Rc4 Rf8+
50.Kg2 Rd8 51.Rxd4  1-0

[Event "FSGM August"]
[Site "Budapest HUN"]
[Date "2001.08.05"]
[Round "2"]
[White "Rajlich,V"]
[Black "Fogarasi,T"]
[Result "1-0"]
[WhiteElo "2330"]
[BlackElo "2449"]

1.e4 c5 2.Nf3 e6 3.d4 cxd4 4.Nxd4 a6 5.Bd3 b6 6.O-O Bb7 7.c4 Bc5 8.Nb3 Be7
9.Nc3 Nc6 10.Be3 Ne5 11.Na4 Nxd3 12.Qxd3 b5 13.cxb5 axb5 14.Nb6 Rb8 15.Qxb5 Bxe4
16.a4 Nf6 17.a5 O-O 18.Qe2 Nd5 19.Bd4 f5 20.f3 Nxb6 21.Bxb6 Rxb6 22.axb6 Qxb6+
23.Kh1 Bc6 24.Qc2 Rb8 25.Na5 Bd5 26.Rfc1 Bg5 27.Rcb1 Bf6 28.Ra4 h5 29.b4 h4
30.h3 Qe3 31.b5 Be5 32.Rxh4 Qg5 33.Nc4 Rc8 34.Nxe5 Rxc2 35.Rh8+ Kxh8 36.Nf7+ Kh7
37.Nxg5+ Kg6 38.h4 Kh5 39.Rb4 e5 40.b6 Rc8 41.Rb5 Bc6 42.Rxe5 Kxh4 43.Rxf5 Kg3
44.Nh3 Ra8 45.Rg5+ Kh4 46.Rg4+ Kh5 47.Rxg7 Rb8 48.f4 Kh6 49.Rg4 Rxb6 50.f5 Rb1+
51.Kh2 Rf1 52.Rg6+ Kh5 53.Rg5+ Kh6 54.Kg3 Be4 55.Rg6+  1-0

[Event "Mipap Cup"]
[Site "Olomouc CZE"]
[Date "2001.08.05"]
[Round "5"]
[White "Sawadkuhi,M"]
[Black "Jedryczka,K"]
[Result "1-0"]
[WhiteElo "2317"]
[BlackElo "2330"]

1.e4 c5 2.Nf3 e6 3.d4 cxd4 4.Nxd4 a6 5.Bd3 Qc7 6.f4 d6 7.O-O Nf6 8.Kh1 Be7
9.Qe2 Nbd7 10.Nf3 Nc5 11.Nc3 b5 12.e5 Nfd7 13.a4 b4 14.exd6 Qxd6 15.Ne4 Qc7
16.Nxc5 Nxc5 17.Bc4 O-O 18.Bd2 a5 19.Qe5 Bd6 20.Qh5 Ne4 21.Bd3 Nf6 22.Qh4 Ba6
23.f5 Bxd3 24.cxd3 exf5 25.Nd4 Be5 26.Nxf5 Nd5 27.Rac1 Qd7 28.Rc5 Rfe8 29.Bh6 Ra6
30.Bxg7 Ne3 31.Rxe5 Nxf5 32.Rexf5 Kxg7 33.Rxf7+ Qxf7 34.Rxf7+ Kxf7 35.Qxh7+ Kf8
36.Qf5+ Kg7 37.Qd7+ Kf8 38.h4 Rae6 39.Kh2 Re2 40.Qf5+ Kg7 41.Qh5 Rxb2  1-0

[Event "Mipap Cup"]
[Site "Olomouc CZE"]
[Date "2001.08.05"]
[Round "6"]
[White "Jedryczka,K"]
[Black "Brustkern,J"]
[Result "1-0"]
[WhiteElo "2330"]
[BlackElo "2273"]

1.e4 c5 2.Nf3 e6 3.d4 cxd4 4.Nxd4 a6 5.Bd3 Qb6 6.Nb3 Qc7 7.O-O Nf6 8.Qe2 d6
9.f4 Nc6 10.Nc3 Be7 11.Kh1 O-O 12.Bd2 b5 13.Rae1 b4 14.Nd1 Bb7 15.Nf2 e5
16.f5 a5 17.Be3 a4 18.Nd2 Nd4 19.Bxd4 exd4 20.Nh3 Rfe8 21.Nf4 Bf8 22.Nh5 Nd7
23.Qg4 Kh8 24.Qh3 Nc5 25.Rf4 d5 26.Rh4 h6 27.Nxg7 Bxg7 28.Rxh6+ Kg8 29.f6 Bxf6
30.Rxf6 dxe4 31.Bc4 Ne6 32.Qg4+ Kf8 33.Bxe6 Rxe6  1-0

[Event "Mipap Cup"]
[Site "Olomouc CZE"]
[Date "2001.08.07"]
[Round "8"]
[White "Sawadkuhi,M"]
[Black "Brustkern,J"]
[Result "1-0"]
[WhiteElo "2317"]
[BlackElo "2273"]

1.e4 c5 2.Nf3 e6 3.d4 cxd4 4.Nxd4 a6 5.Bd3 Qb6 6.Nb3 Qc7 7.O-O Nf6 8.c4 d6
9.Nc3 b6 10.a4 Nc6 11.Bf4 Nd7 12.a5 bxa5 13.Rc1 Qd8 14.Bc2 e5 15.Bd2 Be7
16.Nd5 O-O 17.Nxa5 Nd4 18.Bc3 Bg5 19.f4 Bh6 20.Ra1 Nxc2 21.Qxc2 exf4 22.Nc6 Qg5
23.Nce7+ Kh8 24.Nf5 Ne5 25.Nxd6 Be6 26.Nf5 Nxc4 27.h4 Qh5 28.Nxf4 Bxf4 29.Bxg7+ Kg8
30.Rxf4 Ne3 31.Qc5 Qe2 32.Nh6+ Kxg7 33.Qg5+  1-0

[Event "Magistral BCX"]
[Site "Brasilia BRA"]
[Date "2001.08.08"]
[Round "5"]
[White "Matsuura,E"]
[Black "Galego,L"]
[Result "1/2-1/2"]
[WhiteElo "2437"]
[BlackElo "2467"]

1.e4 c5 2.Nf3 e6 3.d4 cxd4 4.Nxd4 a6 5.Bd3 Qc7 6.O-O Nf6 7.Qe2 Nc6 8.Nxc6 dxc6
9.e5 Nd7 10.Re1 Nc5 11.Nc3 Bd7 12.Bg5 h6 13.Bh4 g5 14.Bg3 h5 15.h4 Be7 16.hxg5 Bxg5
17.Bc4 a5 18.a3 a4 19.b4 axb3 20.cxb3 h4 21.Bh2 Be7 22.b4 Na4 23.Ne4 O-O-O
24.Bb3 Nb6 25.Nd6+ Bxd6 26.exd6 Qb8 27.a4 Nd5 28.b5 Qa7 29.Bxd5 exd5 30.a5 Rde8
31.Qd2 Rxe1+ 32.Rxe1 Qc5 33.bxc6 bxc6 34.a6 Rg8 35.Rc1 Qb5 36.a7 Kb7 37.Qf4 Qb2
38.Re1 Qg7 39.Rb1+ Ka8 40.g3 hxg3 41.Bxg3 Qc3 42.Rc1 Qd3 43.Re1 c5 44.Qe5 c4
45.Re3 Qb1+ 46.Re1 Qd3 47.Re3 Qb1+ 48.Re1  1/2-1/2

[Event "7th Stage Russian Cup"]
[Site "Togliatty RUS"]
[Date "2001.08.08"]
[Round "1"]
[White "Kokarev,D"]
[Black "Startsev,V"]
[Result "1/2-1/2"]
[WhiteElo "2463"]
[BlackElo "2231"]

1.e4 c5 2.Nf3 e6 3.d4 cxd4 4.Nxd4 a6 5.Bd3 Nc6 6.Nxc6 dxc6 7.O-O e5 8.Nd2 Qc7
9.a4 Bc5 10.Nc4 Be6 11.Qh5 Bxc4 12.Bxc4 Nf6 13.Qf3 O-O 14.Bg5 Be7 15.a5 Rad8
16.Be3 Nd7 17.Rfd1 Nc5 18.Rxd8 Qxd8 19.c3 Bd6 20.Rd1 Qe7 21.Qg4 Kh8 22.Bxc5 Bxc5
23.Qd7 Bxf2+ 24.Kxf2 Qc5+ 25.Kf3 Qxc4 26.Qe7 Rg8 27.Rd8 h6 28.Rxg8+ Kxg8
29.Qe8+ Kh7 30.Qxe5 Qd3+ 31.Kf2 Qd2+ 32.Kf3 Qd3+ 33.Kf2 Qd2+ 34.Kf3 Qd3+
35.Kf2 Qd2+  1/2-1/2

[Event "Open"]
[Site "Presov SVK"]
[Date "2001.08.12"]
[Round "2"]
[White "Ciuksyte,D"]
[Black "Priehoda,V"]
[Result "0-1"]
[WhiteElo "2255"]
[BlackElo "2411"]

1.e4 c5 2.Nf3 e6 3.d4 cxd4 4.Nxd4 a6 5.Bd3 Qb6 6.Nb3 Qc7 7.O-O Nf6 8.Qe2 d6
9.Bd2 g6 10.f4 Bg7 11.Nc3 O-O 12.Rae1 Nc6 13.g4 Re8 14.g5 Nd7 15.Qf2 b5 16.f5 Nde5
17.f6 Bf8 18.Qh4 Nc4 19.Rf3 Nxd2 20.Nxd2 Nd4 21.Rh3 h5 22.gxh6 d5 23.h7+ Kh8
24.e5 Nf5 25.Qf4 Bb7 26.Nf3 Bc5+ 27.Kh1 b4 28.Ne2 Be3 29.Qxb4 d4 30.Bxf5 exf5
31.Nxd4 Rxe5 32.Rxe3 Rxe3 33.Kg1 Rae8 34.Qd2 Qf4 35.Rh4 Qd6 36.Kf2 Bxf3  0-1

[Event "Faakersee Open"]
[Site "Latschach AUT"]
[Date "2001.08.14"]
[Round "5"]
[White "Groetz,H"]
[Black "Farago,I"]
[Result "1-0"]
[WhiteElo "2305"]
[BlackElo "2504"]

1.e4 c5 2.Nf3 e6 3.d4 cxd4 4.Nxd4 a6 5.Bd3 Nf6 6.O-O Qc7 7.Qe2 d6 8.c4 g6
9.Nc3 Bg7 10.Rd1 O-O 11.Nf3 Nc6 12.h3 Nd7 13.Be3 b6 14.Rac1 Nc5 15.Bb1 Bb7
16.Qd2 Rad8 17.b3 Ba8 18.Nh2 Qb7 19.Qe2 f5 20.f3 f4 21.Bf2 Bxc3 22.Rxc3 e5
23.Qb2 Ne6 24.b4 Ncd4 25.a3 Kh8 26.Ba2 Qc7 27.Rdc1 Bc6 28.c5 dxc5 29.Bxe6 Nxe6
30.bxc5 b5 31.R3c2 h5 32.Nf1 g5 33.Rd2 Rxd2 34.Nxd2 Rd8 35.Nb3 Kg7 36.Be1 Rd7
37.Ba5 Qb8 38.Bc3 Kf6 39.Na5 Nd8 40.Nc4 Nf7 41.Nd6 Re7 42.Rd1 Nh8 43.Nf5 Re6
44.Nd4 exd4 45.Bxd4+ Kg6 46.Bxh8 Qf8 47.Rd6 Rxd6 48.cxd6 h4 49.Qd4 Bd7 50.Be5 Qf7
51.Qb6 Qe6 52.Bd4 a5 53.Bc3 Qc4 54.Bxa5 Qc1+ 55.Kh2 Qxa3 56.Qc7 Be6 57.Bc3 Bd7
58.Qxd7 Qxc3 59.Qf5+  1-0

[Event "7th Stage Russian Cup"]
[Site "Togliatty RUS"]
[Date "2001.08.14"]
[Round "7"]
[White "Shomoev,A"]
[Black "Meister,Y"]
[Result "1/2-1/2"]
[WhiteElo "2397"]
[BlackElo "2461"]

1.e4 c5 2.Nf3 e6 3.d4 cxd4 4.Nxd4 a6 5.Bd3 d5 6.exd5 Qxd5 7.O-O Nc6 8.Nxc6 Qxc6
9.Nc3 Nf6 10.Bg5 Be7 11.Qe2 Qc7 12.Rad1 Bd7 13.Bh4 Bc6 14.Bg3 Qa5 15.a3 Rc8
16.Ne4 Nxe4 17.Bxe4 Bxe4 18.Qxe4 Qb5 19.Be5 Rc4 20.Rd4 Rxd4 21.Qxd4 f6 22.Bd6 e5
23.Qg4 Rf8 24.Bxe7 Kxe7 25.Qxg7+ Rf7 26.Qg8 Qxb2 27.Rd1 Qxc2 28.Qd8+ Ke6
29.Qd5+ Kf5 30.Qf3+ Ke6  1/2-1/2